1957 supplement to Cases and readings on administrative law /

Saved in:
Bibliographic Details
Main Author: Davison, J. Forrester (James Forrester), 1902-
Other Authors: Grundstein, Nathan D., Davison, J. Forrester (James Forrester)
Format: Book
Language:English
Published: Indianapolis : Bobbs-Merrill, 1957.
Subjects:
LEADER 01161cam a2200277 a 4500
001 c000295694
003 CARM
005 20100415144156.0
008 851220s1957 inu 000 0 eng d
019 1 |a 3896324  |5 LACONCORD2021 
035 |a (OCoLC)216184715  |5 LACONCORD2021 
040 |a VU  |b eng  |c VU 
043 |a n-us--- 
082 0 4 |a 342.73066  |2 19 
100 1 |a Davison, J. Forrester  |q (James Forrester),  |d 1902- 
245 1 0 |a 1957 supplement to Cases and readings on administrative law /  |c by J. Forrester Davison, Nathan D. Grundstein. 
246 3 |a Cases and readings on administrative law 
260 |a Indianapolis :  |b Bobbs-Merrill,  |c 1957. 
300 |a iv, 255 p. ;  |c 25 cm. 
650 0 |a Administrative law  |z United States. 
650 0 |a Administrative law  |z United States  |x Cases. 
700 1 |a Grundstein, Nathan D. 
700 1 |a Davison, J. Forrester  |q (James Forrester).  |t Cases and readings on administrative law. 
852 8 |b CARM  |h A3:AI06B0  |i B11552  |p 0536787  |f BK 
999 f f |i 86397a3a-5382-5964-bed9-b58364e20cc3  |s f9848821-398a-5823-8010-30bf21dab3e4 
952 f f |p Can circulate  |a CAVAL  |b CAVAL  |c CAVAL  |d CARM 1 Store  |e B11552  |f A3:AI06B0  |h Other scheme  |i book  |m 0536787